Kanały w Polsce i na Świecie - Statystyki

Ogólne statystyki
  • Ten quiz został rozwiązany 8 razy
  • Średni wynik to 5 z 18
Statystyki odpowiedzi
lata budowy długość nazwa kanału % Poprawnych
1881–1889, 1904–1914 81,6 km Kanał Panamski
100%
1824–1839 101 km (82 km w Polsce) Kanał Augustowski
88%
1859–1869 163 km Kanał Sueski
88%
1773–1774 24,77 km Kanał Bydgoski
38%
1935–1939 40,6 km Kanał Gliwicki
38%
1881-1893 6343 m Kanał Koryncki
38%
1844–1860 84,2 km Kanał Elbląski
25%
1955–1958 15,7 km Kanał Łączański
25%
1954–1961 139,9 km Kanał Wieprz-Krzna
25%
1569, 1697–1701, 1948–1952 101 km Kanał Wołga–Don
13%
1930–1933 227 km Kanał Białomorsko-Bałtycki
0%
1331–1334 2,6 km Kanał Dobrzycki
0%
1483 5,7 km Kanał Jagielloński
0%
1954–1988 1445 km Kanał Karakumski
0%
1912–1917 10,7 km Kanał Żeglugowy we Wrocławiu
0%
1935–1938, 1951–1953 17,3 km Kanał Żerański
0%
Początek budowy: 495 r p.n.e 1800 km Wielki Kanał
0%
1939–40 345 km Wielki Kanał Fergański
0%
Nie znaleziono quizów pasujących do podanych kryteriów
Rozkład punktacji
Procent ludzi z każdym wynikiem
Percentyl według liczby udzielonych odpowiedzi
Twoja historia wyników
Nie rozwiązałeś tego quizu